[Event "Sunnyvale 1000 GM Thanksgiving IM1"]
[Site "Sunnyvale"]
[Date "2023.11.25"]
[Round "7"]
[White "Villar Perez, Samuel"]
[Black "Stevens, Adam B"]
[Result "1-0"]
[WhiteElo "2280"]
[BlackElo "1823"]
[PlyCount "89"]
[EventDate "2023.11.22"]
[EventType "schev"]
[EventRounds "9"]
[EventCountry "USA"]
[SourceTitle "CB48_2023"]
[SourceDate "2023.11.29"]
[SourceVersion "1"]
[SourceVersionDate "2023.11.29"]
[SourceQuality "1"]

1. e4 c5 2. Nf3 d6 3. d4 cxd4 4. Qxd4 Nc6 5. Bb5 a6 6. Bxc6+ bxc6 7. c4 e5 8. Qd3 Ne7 9. Nc3 Ng6 10. 0-0 Be7 11. Ne2 0-0 12. Ng3 Re8 13. Rd1 Qc7 14. Nf5 Bxf5 15. exf5 Nf8 16. Ng5 Rad8 17. Ne4 d5 18. cxd5 cxd5 19. Nc3 d4 20. Ne4 Qb7 21. Qf3 Qd5 22. Qg4 f6 23. Bh6 Qf7 24. b3 Kh8 25. Bd2 Nd7 26. Qe2 Qd5 27. Rac1 Rc8 28. Rxc8 Rxc8 29. Qxa6 Ra8 30. Qd3 Rxa2 31. Rc1 Qb7 32. b4 Ra8 33. f3 h6 34. Qc4 Rb8 35. Qe6 Bf8 36. h4 Nb6 37. Rc6 Na4 38. Bxh6 gxh6 39. Nxf6 Bg7 40. Ne8 Qxb4 41. Kh2 Qd2 42. Nxg7 Qf4+ 43. Kh3 Rg8 44. Rc8 Rxc8 45. Nh5 1-0

[Event "Maia op 7th"]
[Site "Maia"]
[Date "2023.08.30"]
[Round "6"]
[White "Villar Perez, Samuel"]
[Black "Materia, Marco"]
[Result "0-1"]
[WhiteElo "2205"]
[BlackElo "2433"]
[PlyCount "106"]
[EventDate "2023.08.25"]
[EventType "swiss"]
[EventRounds "9"]
[EventCountry "POR"]
[SourceTitle "EXT 2024"]
[Source "ChessBase"]
[SourceDate "2023.10.10"]
[SourceVersion "1"]
[SourceVersionDate "2023.10.10"]
[SourceQuality "1"]

1. e4 c5 2. Nf3 e6 3. d4 cxd4 4. Nxd4 Nc6 5. Nc3 Qc7 6. Be3 a6 7. Qf3 Bd6 8. 0-0-0 Be5 9. Nxc6 bxc6 10. Bd4 Bxd4 11. Rxd4 d5 12. Bd3 Bb7 13. exd5 cxd5 14. Re1 Nf6 15. g4 Qc5 16. Qe3 Nd7 17. g5 Bc6 18. a3 Rb8 19. f4 0-0 20. f5 e5 21. Rh4 Qxe3+ 22. Rxe3 d4 23. Reh3 Bg2 24. f6 g6 25. Rg3 dxc3 26. Rxg2 cxb2+ 27. Kb1 a5 28. Ra4 Rfd8 29. Re2 h6 30. gxh6 Nxf6 31. Rxa5 Nd5 32. Rc5 Nf4 33. Rexe5 Nxd3 34. cxd3 Rxd3 35. Rb5 Rxb5 36. Rxb5 Rxa3 37. Rxb2 Kh7 38. Kc1 Ra7 39. Kd1 Re7 40. Rf2 Kxh6 41. Kd2 f5 42. Rf3 Kg5 43. Rg3+ Kf6 44. Rf3 g5 45. h3 Kg6 46. Ra3 Kh5 47. Ra8 Kh4 48. Ra3 f4 49. Rb3 Re3 50. Rxe3 fxe3+ 51. Kxe3 Kxh3 52. Kf2 g4 53. Kf1 Kh2 0-1

[Event "ESP-chT CECLUB Div2"]
[Site "Linares"]
[Date "2023.08.15"]
[Round "4.27"]
[White "Garcia Ramos, Daniel"]
[Black "Villar Perez, Samuel"]
[Result "1/2-1/2"]
[WhiteElo "2468"]
[BlackElo "2205"]
[PlyCount "108"]
[EventDate "2023.08.13"]
[EventType "team-swiss"]
[EventRounds "7"]
[EventCountry "ESP"]
[SourceTitle "EXT 2024"]
[Source "ChessBase"]
[SourceDate "2023.10.10"]
[SourceVersion "1"]
[SourceVersionDate "2023.10.10"]
[SourceQuality "1"]
[WhiteTeam "Colon Sabadell Chessy"]
[BlackTeam "Rianxo CC"]
[WhiteTeamCountry "ESP"]
[BlackTeamCountry "ESP"]

1. e4 e5 2. Nf3 Nc6 3. Bc4 Bc5 4. c3 Nf6 5. d4 exd4 6. e5 d5 7. Be2 d3 8. exf6 dxe2 9. Qxe2+ Kf8 10. Bg5 Qd6 11. 0-0 Bg4 12. Nbd2 h6 13. fxg7+ Kxg7 14. Be3 Rhe8 15. Rae1 Ne5 16. h3 Bh5 17. Kh1 Nxf3 18. Nxf3 Re6 19. Qb5 Bxe3 20. Rxe3 Bxf3 21. Rxf3 Qa6 22. Qxa6 Rxa6 23. Re1 Re6 24. Rxe6 fxe6 25. Re3 Kf6 26. f4 Rd8 27. Kh2 d4 28. cxd4 Rxd4 29. Kg3 Rd2 30. Rb3 b6 31. Kf3 c5 32. g4 c4 33. Rb5 Rd3+ 34. Kg2 Rd2+ 35. Kg3 c3 36. bxc3 Rd3+ 37. Kh4 Rxc3 38. Rh5 Kg6 39. Re5 Kf6 40. Re2 Rc4 41. Kh5 Rxf4 42. Kxh6 e5 43. Rg2 e4 44. h4 Ke5 45. h5 e3 46. g5 Rf2 47. Rg1 e2 48. Re1 Rg2 49. g6 Kf6 50. Rc1 b5 51. Rc6+ Kf5 52. Rc1 Kf6 53. Rc6+ Kf5 54. Rc1 Ke5 1/2-1/2

[Event "San Cristobal de La Laguna op 4th"]
[Site "San Cristobal de La Laguna"]
[Date "2022.08.29"]
[Round "4"]
[White "Nagy, Gabor"]
[Black "Villar Perez, Samuel"]
[Result "1-0"]
[WhiteElo "2504"]
[BlackElo "2240"]
[PlyCount "63"]
[EventDate "2022.08.27"]
[EventType "swiss"]
[EventRounds "9"]
[EventCountry "ESP"]
[SourceTitle "CBM 210 Extra"]
[Source "ChessBase"]
[SourceDate "2022.11.30"]
[SourceVersion "1"]
[SourceVersionDate "2022.11.30"]
[SourceQuality "1"]

1. c4 e5 2. Nc3 Bb4 3. Nd5 Bc5 4. Nf3 c6 5. Nc3 d6 6. d4 exd4 7. Nxd4 Nf6 8. a3 Bb6 9. Bg5 Qe7 10. e3 0-0 11. Be2 Rd8 12. Bh4 Nbd7 13. 0-0 Nf8 14. Re1 Ng6 15. Bg3 Be6 16. Qc2 Ne5 17. b3 Bg4 18. f4 Ned7 19. Bf1 Nc5 20. Bh4 Re8 21. h3 Bd7 22. b4 Na6 23. Rad1 Nc7 24. Kh1 c5 25. Nf3 cxb4 26. axb4 a5 27. b5 Qf8 28. e4 Be6 29. Na4 Bc5 30. Nxc5 dxc5 31. f5 Bc8 32. Bg3 1-0

[Event "Pontevedra op-A 10th"]
[Site "Pontevedra"]
[Date "2022.07.27"]
[Round "5"]
[White "Villar Perez, Samuel"]
[Black "Otero Nogueira, Brais"]
[Result "1-0"]
[WhiteElo "2188"]
[BlackElo "2076"]
[PlyCount "63"]
[EventDate "2022.07.24"]
[EventType "swiss"]
[EventRounds "9"]
[EventCountry "ESP"]
[SourceTitle "EXT 2023"]
[Source "ChessBase"]
[SourceDate "2022.10.05"]
[SourceVersion "1"]
[SourceVersionDate "2022.10.05"]
[SourceQuality "1"]

1. e4 c5 2. Nf3 g6 3. d4 cxd4 4. Nxd4 Bg7 5. c4 Nc6 6. Be3 Nf6 7. Nc3 0-0 8. Be2 d6 9. 0-0 Nxd4 10. Bxd4 Bd7 11. Qd2 Bc6 12. f3 a5 13. Rac1 Nd7 14. Be3 Nc5 15. Nb5 a4 16. Rfd1 Qa5 17. Nc3 Rfc8 18. Bg5 Re8 19. Kh1 a3 20. b3 Nxb3 21. axb3 a2 22. b4 Qa3 23. Nxa2 Qxa2 24. b5 Qxd2 25. Rxd2 Ra5 26. bxc6 Rxg5 27. cxb7 Ra5 28. Rd5 Ra7 29. Rb5 Rb8 30. Rcb1 Kf8 31. c5 dxc5 32. Rxc5 1-0

[Event "La Roda op 47th"]
[Site "La Roda"]
[Date "2021.12.07"]
[Round "8"]
[White "Guillermo Gonzalez, Alvaro"]
[Black "Villar Perez, Samuel"]
[Result "0-1"]
[WhiteElo "2110"]
[BlackElo "2218"]
[PlyCount "80"]
[EventDate "2021.12.04"]
[EventType "swiss"]
[EventRounds "9"]
[EventCountry "ESP"]
[SourceTitle "CBM 205 Extra"]
[Source "ChessBase"]
[SourceDate "2022.01.31"]
[SourceVersion "1"]
[SourceVersionDate "2022.01.31"]
[SourceQuality "1"]

1. e4 e5 2. Nf3 Nc6 3. d4 exd4 4. Nxd4 Nf6 5. Nxc6 bxc6 6. e5 Qe7 7. Qe2 Nd5 8. c4 Nb6 9. Nc3 Qe6 10. Qe4 g6 11. Bf4 Ba6 12. c5 Bxf1 13. cxb6 Bc4 14. bxc7 Bb4 15. 0-0-0 0-0 16. b3 Bxc3 17. Qxc4 Bxe5 18. Bxe5 Qxe5 19. Qd4 Qxc7 20. Qxd7 Qe5 21. Qd2 Qa1+ 22. Kc2 Qxa2+ 23. Kc3 Qa3 24. Kc2 a5 25. Ra1 Qc5+ 26. Kb2 Rfd8 27. Qf4 Rd4 28. Rhc1 Qd5 29. Qf3 Rd2+ 30. Rc2 Qd4+ 31. Qc3 Rxc2+ 32. Kxc2 Qxf2+ 33. Qd2 Qf5+ 34. Qd3 Qe5 35. Qc3 Qxh2 36. Qxc6 Qb8 37. Qf3 Qc7+ 38. Kb2 Qe5+ 39. Ka2 Rc8 40. Rf1 Rc2+ 0-1

[Event "Galicia-ch"]
[Site "Padron"]
[Date "2021.04.02"]
[Round "3"]
[White "Lopez Grana, Carmen"]
[Black "Villar Perez, Samuel"]
[Result "0-1"]
[WhiteElo "1732"]
[BlackElo "2183"]
[PlyCount "72"]
[EventDate "2021.04.01"]
[EventType "swiss"]
[EventRounds "8"]
[EventCountry "ESP"]
[SourceTitle "CBM 201 Extra"]
[Source "ChessBase"]
[SourceDate "2021.05.31"]
[SourceVersion "1"]
[SourceVersionDate "2021.05.31"]
[SourceQuality "1"]

1. e4 c5 2. Nc3 d6 3. f4 g6 4. Nf3 Bg7 5. Bb5+ Bd7 6. 0-0 Bxb5 7. Nxb5 a6 8. Nc3 Nc6 9. a4 Nf6 10. Qe2 0-0 11. Kh1 Nd4 12. Nxd4 cxd4 13. Nd1 Rc8 14. c3 dxc3 15. bxc3 d5 16. e5 Ne4 17. Ba3 Qd7 18. Bb4 Rfe8 19. d3 Nc5 20. a5 Qb5 21. Rf3 Nb3 22. Ra3 Nd4 23. cxd4 Qxb4 24. Ra1 Qxd4 25. Rb1 Rc7 26. e6 f5 27. Nf2 Rec8 28. g4 Rc2 29. Qe1 Ra2 30. gxf5 Rcc2 31. fxg6 Rxf2 32. gxh7+ Kh8 33. Rxf2 Rxf2 34. Rb4 Qc5 35. Rxb7 Qc2 36. Qg1 Qe2 0-1

[Event "Ourense Campus 6th"]
[Site "Ourense"]
[Date "2019.07.07"]
[Round "9.6"]
[White "Villar Perez, Samuel"]
[Black "Baltar Iglesias, David"]
[Result "1/2-1/2"]
[WhiteElo "2179"]
[BlackElo "2157"]
[PlyCount "63"]
[EventDate "2019.07.01"]
[EventType "swiss"]
[EventRounds "9"]
[EventCountry "ESP"]
[SourceTitle "EXT 2024"]
[Source "ChessBase"]
[SourceDate "2023.10.10"]
[SourceVersion "1"]
[SourceVersionDate "2023.10.10"]
[SourceQuality "1"]

1. d4 d5 2. Nf3 Nc6 3. Bf4 Bg4 4. e3 e6 5. Nbd2 Bd6 6. Bxd6 cxd6 7. c3 Nf6 8. Be2 0-0 9. 0-0 e5 10. h3 Bh5 11. Re1 Re8 12. Nxe5 Nxe5 13. Bxh5 Nd3 14. Rf1 Nxb2 15. Qc2 Nc4 16. Nxc4 dxc4 17. Bf3 d5 18. Rfb1 Qd7 19. a4 Rac8 20. Rb5 h5 21. Rab1 Rc7 22. Qb2 Re7 23. h4 g6 24. Qb4 Kg7 25. a5 Qf5 26. Rb2 Qe6 27. Rc5 Red7 28. Rxc7 Rxc7 29. Qa3 Qa6 30. Qb4 Qe6 31. Qa3 Qa6 32. Qb4 1/2-1/2

[Event "Ourense Campus 6th"]
[Site "Ourense"]
[Date "2019.07.04"]
[Round "5.6"]
[White "Rodriguez Lopez, Rafael"]
[Black "Villar Perez, Samuel"]
[Result "0-1"]
[WhiteElo "2260"]
[BlackElo "2179"]
[PlyCount "120"]
[EventDate "2019.07.01"]
[EventType "swiss"]
[EventRounds "9"]
[EventCountry "ESP"]
[SourceTitle "EXT 2024"]
[Source "ChessBase"]
[SourceDate "2023.10.10"]
[SourceVersion "1"]
[SourceVersionDate "2023.10.10"]
[SourceQuality "1"]

1. e4 c5 2. Nf3 d6 3. d4 cxd4 4. Nxd4 Nf6 5. Nc3 a6 6. Be2 e5 7. Nb3 Be6 8. Bf3 Be7 9. 0-0 0-0 10. Re1 Nbd7 11. a4 Qc7 12. Nd2 h6 13. Nf1 Rac8 14. Ne3 Rfe8 15. Bd2 Bf8 16. a5 Kh7 17. Na4 Qc6 18. c4 g6 19. b3 Bg7 20. Nc3 Ng8 21. Qc2 Ne7 22. Red1 Qc7 23. Be1 Nb8 24. Qd2 Red8 25. Na4 Nbc6 26. Nc2 f5 27. Nb6 Rb8 28. Qe2 Rf8 29. Rd3 Rbd8 30. Rad1 Bf6 31. g3 Rfe8 32. h4 Nd4 33. Nxd4 exd4 34. Qf1 Nc6 35. Bg2 Qg7 36. f4 h5 37. Nd5 fxe4 38. Bxe4 Bg4 39. Bf3 Bf5 40. R3d2 Nxa5 41. b4 Nc6 42. b5 axb5 43. cxb5 Na5 44. Nxf6+ Qxf6 45. Rxd4 Nb3 46. Rb4 Nc5 47. Bf2 Qc3 48. Bxc5 dxc5 49. Rc4 Qe3+ 50. Kh2 Bd3 51. Rc3 Bxf1 52. Rxe3 Rxe3 53. Rxd8 Rxf3 54. Rd7+ Kg8 55. Rxb7 Rb3 56. b6 Ba6 57. Rc7 c4 58. Rc6 c3 59. Rxg6+ Kf7 60. Rc6 Rb2+ 0-1

[Event "Pontevedra op-A 6th"]
[Site "Pontevedra"]
[Date "2018.08.14"]
[Round "9"]
[White "Villar Perez, Samuel"]
[Black "Rodriguez Lopez, Rafael"]
[Result "1/2-1/2"]
[WhiteElo "2170"]
[BlackElo "2312"]
[PlyCount "117"]
[EventDate "2018.08.08"]
[EventType "swiss"]
[EventRounds "9"]
[EventCountry "ESP"]
[SourceTitle "EXT 2021"]
[Source "ChessBase"]
[SourceDate "2020.10.23"]
[SourceVersion "1"]
[SourceVersionDate "2020.10.23"]
[SourceQuality "1"]

1. d4 Nf6 2. c4 e6 3. Nf3 d5 4. Nc3 c6 5. e3 Nbd7 6. Bd3 dxc4 7. Bxc4 b5 8. Bd3 Bb7 9. a3 Bd6 10. e4 e5 11. 0-0 0-0 12. Bc2 a6 13. Bg5 h6 14. Bh4 Re8 15. Re1 Qc7 16. dxe5 Nxe5 17. Bxf6 gxf6 18. Nxe5 fxe5 19. Qg4+ Kh8 20. Re3 Rg8 21. Qh5 Rg6 22. Rg3 Rag8 23. Rd1 Bf8 24. Bb3 Bc8 25. Rxg6 Rxg6 26. h3 Kg7 27. Ne2 Bc5 28. Rd3 Rf6 29. Rg3+ Kf8 30. Rf3 Qd6 31. Bxf7 Rxf3 32. Qxf3 Kg7 33. Ng3 Qf6 34. Qxf6+ Kxf6 35. Be8 Bd4 36. Bxc6 Bxb2 37. a4 b4 38. Bd5 Be6 39. Kf1 Bd4 40. Ke2 b3 41. Kd3 Bxf2 42. Bxe6 Kxe6 43. Nf5 h5 44. Kc3 h4 45. Kxb3 Kf6 46. Kc4 Kg5 47. Kd5 Kf4 48. a5 Be1 49. Ne7 Bxa5 50. Ng6+ Kg3 51. Kxe5 Bd8 52. Kd6 Kxg2 53. e5 Kxh3 54. e6 a5 55. Kc5 Kg4 56. Nxh4 Kxh4 57. Kb5 Kg5 58. e7 Bxe7 59. Kxa5 1/2-1/2

[Event "Pontevedra op-A 6th"]
[Site "Pontevedra"]
[Date "2018.08.13"]
[Round "8"]
[White "Paiva, Henrique MA Alberg"]
[Black "Villar Perez, Samuel"]
[Result "0-1"]
[WhiteElo "2080"]
[BlackElo "2170"]
[PlyCount "66"]
[EventDate "2018.08.08"]
[EventType "swiss"]
[EventRounds "9"]
[EventCountry "ESP"]
[SourceTitle "EXT 2021"]
[Source "ChessBase"]
[SourceDate "2020.10.23"]
[SourceVersion "1"]
[SourceVersionDate "2020.10.23"]
[SourceQuality "1"]

1. e4 c5 2. Nf3 d6 3. d4 cxd4 4. Nxd4 Nf6 5. Nc3 a6 6. Be2 e5 7. Nb3 Be7 8. 0-0 0-0 9. Be3 Be6 10. a4 Nbd7 11. a5 Rc8 12. Bf3 Qc7 13. Re1 Rfd8 14. Nd2 Qb8 15. Nf1 h6 16. Na4 Rc6 17. Ng3 Rdc8 18. c3 Bd8 19. b4 b5 20. axb6 Nxb6 21. Nxb6 Bxb6 22. Rxa6 Bxe3 23. Rxc6 Bxf2+ 24. Kxf2 Rxc6 25. Qd2 Qc7 26. Re3 Ra6 27. Ne2 Ra2 28. Qd1 Qb6 29. h3 Bc4 30. Qb1 d5 31. exd5 e4 32. Qd1 exf3 33. Kxf3 Bxd5+ 0-1

[Event "Pontevedra op-A 6th"]
[Site "Pontevedra"]
[Date "2018.08.08"]
[Round "1"]
[White "Villar Perez, Samuel"]
[Black "Venkatesh, Marani Rajendran"]
[Result "0-1"]
[WhiteElo "2170"]
[BlackElo "2499"]
[PlyCount "110"]
[EventDate "2018.08.08"]
[EventType "swiss"]
[EventRounds "9"]
[EventCountry "ESP"]
[SourceTitle "CBM 186 Extra"]
[Source "ChessBase"]
[SourceDate "2018.08.24"]
[SourceVersion "1"]
[SourceVersionDate "2018.08.24"]
[SourceQuality "1"]

1. d4 g6 2. Nf3 Bg7 3. c4 Nf6 4. Nc3 0-0 5. e4 d6 6. Be2 Bg4 7. Be3 Nfd7 8. 0-0 c5 9. d5 Na6 10. Qd2 Re8 11. h3 Bxf3 12. Bxf3 Nc7 13. Be2 a6 14. a4 Qb8 15. Ra3 e6 16. Bf4 Ne5 17. Bh6 exd5 18. Bxg7 Kxg7 19. exd5 Qd8 20. f4 Nd7 21. f5 Qe7 22. Rf3 Qe5 23. Kh1 f6 24. Bf1 Qe1 25. Qf4 Re5 26. fxg6 hxg6 27. Ne2 Rae8 28. Ng3 R8e7 29. h4 Ne8 30. Rab3 b6 31. h5 g5 32. Qg4 Kh8 33. Kh2 Qd1 34. a5 bxa5 35. Rb7 Qd4 36. Qxd4 cxd4 37. Bd3 Nc5 38. Rb8 g4 39. Rxf6 Nxd3 40. Nf5 Rxf5 41. Rxf5 Ne5 42. Rf8+ Kg7 43. Rbxe8 Rxe8 44. Rxe8 d3 45. h6+ Kxh6 46. Kg3 d2 47. Rh8+ Kg7 48. Rh1 Nxc4 49. Rd1 Ne3 50. Rxd2 Nf1+ 51. Kxg4 Nxd2 52. Kf5 Kf7 53. g4 Nc4 54. g5 Nxb2 55. g6+ Kg7 0-1

[Event "Pontevedra Tilve Memorial 5th"]
[Site "Pontevedra"]
[Date "2016.12.28"]
[Round "9"]
[White "Rivera, Daniel"]
[Black "Villar Perez, Samuel"]
[Result "1-0"]
[WhiteElo "2327"]
[BlackElo "2146"]
[PlyCount "75"]
[EventDate "2016.12.27"]
[EventType "swiss"]
[EventRounds "9"]
[EventCountry "ESP"]
[SourceTitle "CBM 176 Extra"]
[Source "ChessBase"]
[SourceDate "2017.03.02"]
[SourceVersion "1"]
[SourceVersionDate "2017.03.02"]
[SourceQuality "1"]

1. e4 c5 2. Nc3 Nc6 3. Nf3 e5 4. Bc4 d6 5. d3 Be7 6. Nd2 Nf6 7. Nf1 Bg4 8. f3 Be6 9. Ne3 0-0 10. 0-0 a6 11. Ncd5 b5 12. Bb3 Nd4 13. Nxf6+ Bxf6 14. Bd5 Rc8 15. c3 Nc6 16. a4 Bg5 17. axb5 axb5 18. Bxe6 fxe6 19. Qb3 Bxe3+ 20. Bxe3 Qd7 21. Ra6 Ra8 22. Qxb5 Rxa6 23. Qxa6 Rb8 24. Qa2 Rb7 25. Ra1 Ra7 26. Qb1 Rxa1 27. Qxa1 Qb7 28. Qa2 Kf7 29. Kf2 Qb5 30. Ke2 Na5 31. c4 Qb6 32. b4 Nc6 33. b5 Nb4 34. Qa4 Qd8 35. Qa7+ Kg6 36. g3 d5 37. Qxc5 dxc4 38. Qxc4 1-0